| 000 | 01150nam a2200205Ia 4500 | ||
|---|---|---|---|
| 003 | Ost | ||
| 005 | 20260507075032.0 | ||
| 008 | 260507s9999||||xx |||||||||||||| ||und|| | ||
| 040 | _cfsecg | ||
| 041 | _aara | ||
| 082 | _a330 | ||
| 100 |
_aفتح الله، سعد حسين _eمؤلف |
||
| 245 | 0 |
_aمبادئ علم الإحصاء والطرق الإحصائية / _c سعد حسين فتح الله |
|
| 260 |
_aعمان: _bالأكاديمية للنشر, _c1999 |
||
| 300 |
_a367 صفحة؛ _bإيضاحات ؛ _c24 سم |
||
| 520 | _aبعض المفاهيم الأساسية- ترتيب وعرض البيانات- مقاييس النزعة المركزية- مقاييس التشتت- مقاييس شكل التوزيع- مبادئ نظرية الإحتمالات- المتغيرات العشوائية والتوزيعات الإحتمالية- التوزيعات الإحتمالية المتصلة- الإرتباط والإنحدار- السلاسل الزمنية- الأرقام القياسية | ||
| 653 | _aالإحصاء - المعاملات الإرتباطية | ||
| 653 | _aالطرق الإحصائية | ||
| 942 | _cكتاب | ||
| 999 |
_c42412 _d42412 |
||